Etiqueta de registo: 00000nkm 2200025 450
001 2282256
003 http://id.bnportugal.gov.pt/bib/catbnp/2282256
100 ## $a20260320d1975 m y0pory01030103ba
101 0# $apor
102 ## $aPT
200 1# $aPelo direito ao trabalho, Associaçao dos Deficientes das Forças Armadas$bVisual gráfico]$fADFA$gAdam Bert 75
210 #9 $a[S.l.]$cADFA,$d1975
215 ## $a1 cartaz$ccolor.$d64x42 cm
317 ## $aColeção Madeira Luís
702 #1 $aBert,$bAdam$4410$31992843
710 02 $aAssociação dos Deficientes das Forças Armadas$381345
801 #0 $aPT$bBN$gRPC
966 ## $lBN$mICONOG$sCT. 25683 A.$x3
971 ## $cCaticonografia9$d20260320
995 ## $aPRR2026